00211nam a2200073Ia 4500008004100000245004500041260004200086260000900128170620s9999 xx 000 0 und d 0aEvaluating Children in Primary Education bNew Delhi- Discovery Publishing House c2007